Wszystkie miasta powiatu pilskiego - Statystyki

Ogólne statystyki
  • Ten quiz został rozwiązany 34 razy
  • Średni wynik to 5 z 7
Statystyki odpowiedzi
Odpowiedź % Poprawnych
Piła
100%
Kaczory
80%
Ujście
80%
Łobżenica
77%
Wyrzysk
77%
Miasteczko Krajeńskie
63%
Wysoka
63%
Nie znaleziono quizów pasujących do podanych kryteriów
Rozkład punktacji
Procent ludzi z każdym wynikiem
Percentyl według liczby udzielonych odpowiedzi
Twoja historia wyników
Nie rozwiązałeś tego quizu